Every UNESCO World Heritage site in the UK and Ireland on a map - Statistics

General Stats
  • This quiz has been taken 47 times
    33 since last reset
  • The average score is 19 of 36
Answers on the Map
Answers color-coded by a green-red scale on the quiz's map according to % correct below.
 
Answer Stats
Answer % Correct
Giant's Causeway and Causeway Coast
87%
Historic Town of St George, Bermuda
87%
Cornwall and West Devon Mining Landscape
83%
City of Bath
78%
Frontiers of the Roman Empire
78%
Old and New Towns of Edinburgh
78%
Heart of Neolithic Orkney
74%
Maritime Greenwich
74%
Canterbury Cathedral
70%
Dorset and East Devon Coast
70%
Tower of London
70%
The English Lake District
65%
Castles and Town Walls of King Edward in Gwynedd
61%
Royal Botanic Gardens, Kew
61%
Stonehenge, Avebury and Associated Sites
61%
Brú na Bóinne - Archaeological Ensemble of the Bend of the Boyne
57%
Durham Castle and Cathedral
57%
The Slate Landscape of Northwest Wales
57%
Palace of Westminster and Westminster Abbey
48%
Blenheim Palace
43%
New Lanark
43%
The Forth Bridge
43%
Derwent Valley Mills
35%
Gorham's Cave Complex
35%
Pontcysyllte Aqueduct and Canal
35%
St Kilda
35%
The Flow Country
35%
Gough and Inaccessible Islands
30%
Ironbridge Gorge
30%
Sceilg Mhichíl
30%
Blaenavon Industrial Landscape
26%
Henderson Island
26%
Jodrell Bank Observatory
26%
Studley Royal Park and the Ruins of Fountains Abbey
26%
Saltaire
22%
Moravian Church Settlements
17%
No matching quizzes found
Score Distribution
Percent of People with Each Score
Percentile by Number Answered
Your Score History
You have not taken this quiz since the last reset